Les plus longs fleuves de Russie - Statistiques

Statistiques générales
  • Ce quiz a été pris 117 fois
  • Le résultat moyen est 4 sur 10
Statistiques - réponses
Longueurs/km Fleuves % Correct
3530 km Volga
97%
2824 km Amour
85%
4294 km Léna
74%
3700 km Ob
74%
3487 km Ienisseï
60%
2428 km Oural
35%
4258 km Irtych
19%
2989 km Toungouska inférieure
2%
2650 km Viliouï
1%
2450 km Ichim
0%
Aucun quiz correspondant
Distribution des résultats
% des personnes avec chaque résultat
Percentile par nombre de réponses
Votre historique - résultats
Vous n’avez pas pris ce quiz